000 00812nam a2200301 a 4500
003 AR-BaBNM
005 20251128210427.0
008 082120s2002 ||||||||||||||000 | spa||
040 _cAR-BaBNM
100 1 _aMartínez Estrada, Ezequiel
245 0 0 _aRealidad y fantasía en Balzac
260 _aBahía Blanca
_bUniversidad Nacional del Sur
_c1964
300 _a894 p.
490 0 _aCuadernos del sur
500 _aContiene referencias bibliográficas
650 4 _aLITERATURA ARGENTINA
650 4 _aLITERATURA FRANCESA
650 4 _aCRITICA LITERARIA
650 4 _aVIDA LITERARIA
650 4 _aESCRITORES
650 4 _aBIOGRAFIAS
650 4 _aSIGLO DIECINUEVE
650 4 _aANALISIS LITERARIO
650 4 _aOBRAS LITERARIAS
655 _aLITERATURA
942 _cBK
998 _cMARTIN
999 _c15433
_d15433